Responses for show #7947 - Tuesday, March 12, 2019

Contestants

Barton Wong, a senior trading associate from Toronto, Ontario, Canada

Evan Sroka, a strategy and business development executive from Santa Monica, California

Elaine Wilson, a layout artist from Manassas, Virginia (whose 1-day cash winnings total $15,100)

Jeopardy! Round responses

(Alex: And no matter which museum you enter, you always...)
EXIT THROUGH THE GIFT SHOP
COLORFUL BANDS
THAT WAS THE YEAR THAT WAS
FRUIT SALAD
CIA WORLD FACTBOOK NO. 1s
FEELINGS
    $200 16
fleas

Barton
    $200 9
the Black Eyed Peas

Evan
    $200 2
1929

Barton
    $200 8
zinfandel

Evan
    $200 1
the life span of its citizens

Barton
    $200 15
homesickness

Evan
    $400 17
the love symbol

Triple Stumper
    $400 10
the Red Hot Chili Peppers

Barton
    $400 3
(Barton: 19--what is 1938?)

1939

EvanBarton
    $400 14
grapefruit

Barton
    $400 4
oil

Barton
    $400 21
Joy

Evan
    $600 18
(Alex: Yes. 13 and 13.)

26

Evan
    $600 25
Maroon 5

Evan
    $1,000 11
(Barton: What's 1603?)

1620

Barton
    $600 28
kiwi

Barton
    $600 5
(Barton: What are mountains?)
(Elaine: What are Air Force bases?)

airports

ElaineEvanBarton
    $600 22
jealousy

Barton
    $800 19
a muse

Barton
    $800 26
Deep Purple

Elaine
    $800 12
(Alex: Good. You're out of the hole, just like that.)

1898

Barton
    $800 29
key lime

Elaine
    $800 6
the Internet

Elaine
    $800 23
(Elaine: What is [*...*]?)

anticipation

Elaine
    $1000 20
(Elaine: What is The Very Hungry Caterpillar?)

Brown Bear

Elaine
Triple Stumper
    $1000 27
the White Stripes

Evan
    $1000 13
1957

Elaine
    $1000 30
a banana

Elaine
    $1000 7
AIDS

Elaine
    $1000 24
(Alex: Less than a minute now.)

rage

Barton

Scores at the first commercial break (after clue 15):

Elaine Evan Barton
$2,200 $1,600 $400

Scores at the end of the Jeopardy! Round:

Elaine Evan Barton
$4,600 $4,200 $3,600

Double Jeopardy! Round responses

FROM THE MERMAID'S LOCKER
FRIEND OF THE COURT
TV ROLE, MOVIE ROLE
(Alex: We'll give you both, and you identify the individual.)
WOMEN AUTHORS
A HOLE IN THE GROUND
THE RIGHT TO REMAIN SILENT "P"
    $400 16
compass

Evan
    $400 12
Roe v. Wade

Elaine
    $400 7
Robin Williams

Evan
    $400 1
J.K. Rowling

Barton
    $400 11
ravine

Evan
    $400 3
pseudo

Evan
    $800 17
cannon

Barton
    $800 13
civil liberties

Evan
    $800 8
(Steve) Carell

Elaine
    $800 2
Becoming

Elaine
    $800 24
(Alex: And now with less than a minute to go.)

potholes

Evan
    $800 4
pneumatic

Elaine
    $1200 23
a rosary

Barton
    $3,000 14
(Alex: And now you're a shade off the lead.)

the First Amendment

Evan
    $1200 9
(Evan: Uh--).
(Alex: Ohh. Too much time.)

Allison Janney

Evan
Triple Stumper
    $1200 15
(Alex: Where the [*] sing.)

crawdads

Triple Stumper
    $1200 27
drainage ditch

Elaine
    $1200 5
cupboard

Elaine
    $1600 20
unions

Evan
    $1600 10
Susan Sarandon

Triple Stumper
    $1600 18
Virginia Woolf

Barton
    $1600 26
Zion

Evan
    $1600 6
(Alex: And that would be--[coughs]--[*].)

pneumonic

Triple Stumper
    $2000 29
a galleon

Elaine
    $2000 21
(Alex: And that would be the famous [*].)

Henry Clay

Triple Stumper
    $2000 22
(Angela) Bassett

Elaine
    $4,000 19
(Alex: And the lead is now yours.)

George Sand

Barton
    $2000 28
(Elaine: What are the Catskills)

Adirondacks

Elaine
Triple Stumper
    $2000 25
pterodactyl

Elaine

Scores at the end of the Double Jeopardy! Round:

Elaine Evan Barton
$13,800 $12,400 $11,600

[wagering suggestions for these scores]

Final Jeopardy! Round responses

20th CENTURY HISTORY
(Alex: It was a defense but not a particularly good one.)
...
(Elaine: Went for laughs.)
(Alex: Went for laughs. Well, you got some.)
BartonWhat is the Maginot Line?
$11,600
EvanWhat is the Deutsche bahn
$11,000
ElaineWhat is the Autobahn
$1,000
Maginot Line

Final scores:

Elaine Evan Barton
$12,800 $1,400 $23,200
2nd place: $2,000 3rd place: $1,000 New champion: $23,200

Game dynamics:

Coryat scores:

Elaine Evan Barton
$13,800 $10,600 $10,600
16 R,
3 W
18 R
(including 1 DD),
1 W
16 R
(including 1 DD),
3 W
(including 1 DD)

Combined Coryat: $35,000

The J! Archive is created by fans, for fans. The Jeopardy! game show and all elements thereof, including but not limited to copyright and trademark thereto, are the property of Jeopardy Productions, Inc. and are protected under law. This website is not affiliated with, sponsored by, or operated by Jeopardy Productions, Inc. Join the discussion at JBoard.tv.